[Event "Amsterdam Science Park 2023"]
[Site "Science Park, Amsterdam, Netherlands"]
[Date "2023.07.17"]
[Round "3.1"]
[White "De Jong, Tom"]
[Black "Zwirs, Nico"]
[Result "0-1"]
[WhiteElo "2176"]
[BlackElo "2443"]

1. e4 {[%clk 01:30:29]} {[%emt 00:00:28]} c5 {[%clk 01:30:45]} {[%emt
00:00:19]} 2. c3 {[%clk 01:30:53]} {[%emt 00:00:06]} d5 {[%clk 01:30:46]}
{[%emt 00:00:28]} 3. exd5 {[%clk 01:31:10]} {[%emt 00:00:13]} Qxd5 {[%clk
01:31:06]} {[%emt 00:00:10]} 4. d4 {[%clk 01:31:31]} {[%emt 00:00:10]} Nf6
{[%clk 01:31:09]} {[%emt 00:00:27]} 5. Nf3 {[%clk 01:31:11]} {[%emt 00:00:50]}
e6 {[%clk 01:31:33]} {[%emt 00:00:06]} 6. Na3 {[%clk 01:27:20]} {[%emt
00:04:21]} a6 {[%clk 01:30:40]} {[%emt 00:01:24]} 7. Nc4 {[%clk 01:24:30]}
{[%emt 00:03:20]} Nbd7 {[%clk 01:30:53]} {[%emt 00:00:16]} 8. Be3 {[%clk
01:17:14]} {[%emt 00:07:47]} b5 {[%clk 01:28:06]} {[%emt 00:03:16]} 9. Nce5
{[%clk 01:09:41]} {[%emt 00:08:03]} Nxe5 {[%clk 01:13:21]} {[%emt 00:15:15]} 10.
dxe5 {[%clk 01:08:00]} {[%emt 00:02:11]} Qxd1+ {[%clk 01:13:24]} {[%emt
00:00:27]} 11. Rxd1 {[%clk 01:06:55]} {[%emt 00:01:35]} Nd5 {[%clk 01:13:48]}
{[%emt 00:00:06]} 12. Bd2 {[%clk 01:04:43]} {[%emt 00:02:42]} Nb6 {[%clk
01:09:57]} {[%emt 00:04:20]} 13. b3 {[%clk 00:57:39]} {[%emt 00:07:36]} Bb7
{[%clk 01:09:14]} {[%emt 00:01:12]} 14. c4 {[%clk 00:54:50]} {[%emt 00:03:20]}
b4 {[%clk 01:07:07]} {[%emt 00:02:36]} 15. Be2 {[%clk 00:47:54]} {[%emt
00:07:27]} Be7 {[%clk 01:02:29]} {[%emt 00:05:06]} 16. O-O {[%clk 00:47:00]}
{[%emt 00:01:25]} O-O-O {[%clk 00:52:00]} {[%emt 00:10:59]} 17. Ne1 {[%clk
00:19:02]} {[%emt 00:28:28]} Be4 {[%clk 00:33:37]} {[%emt 00:18:52]} 18. Be3
{[%clk 00:10:54]} {[%emt 00:08:39]} Rxd1 {[%clk 00:26:20]} {[%emt 00:07:47]} 19.
Bxd1 {[%clk 00:11:21]} {[%emt 00:00:02]} Rd8 {[%clk 00:26:48]} {[%emt
00:00:02]} 20. Bc2 {[%clk 00:10:09]} {[%emt 00:01:43]} Bxc2 {[%clk 00:18:13]}
{[%emt 00:09:04]} 21. Nxc2 {[%clk 00:10:37]} {[%emt 00:00:01]} a5 {[%clk
00:18:36]} {[%emt 00:00:07]} 22. Rb1 {[%clk 00:08:45]} {[%emt 00:02:22]} Nd7
{[%clk 00:15:14]} {[%emt 00:03:53]} 23. f4 {[%clk 00:08:34]} {[%emt 00:00:40]}
f6 {[%clk 00:14:06]} {[%emt 00:01:38]} 24. a3 {[%clk 00:02:48]} {[%emt
00:06:17]} fxe5 {[%clk 00:13:56]} {[%emt 00:00:39]} 25. axb4 {[%clk 00:03:13]}
{[%emt 00:00:05]} axb4 {[%clk 00:12:42]} {[%emt 00:01:44]} 26. Kf2 {[%clk
00:02:39]} {[%emt 00:01:03]} Rf8 {[%clk 00:10:39]} {[%emt 00:02:33]} 27. g3
{[%clk 00:02:51]} {[%emt 00:00:19]} g5 {[%clk 00:10:19]} {[%emt 00:00:50]} 28.
Ra1 {[%clk 00:02:30]} {[%emt 00:00:51]} exf4 {[%clk 00:10:31]} {[%emt
00:00:18]} 29. gxf4 {[%clk 00:02:34]} {[%emt 00:00:26]} gxf4 {[%clk 00:10:56]}
{[%emt 00:00:05]} 30. Bc1 {[%clk 00:02:22]} {[%emt 00:00:43]} e5 {[%clk
00:05:46]} {[%emt 00:05:40]} 31. Kf3 {[%clk 00:01:54]} {[%emt 00:00:57]} Bd6
{[%clk 00:05:25]} {[%emt 00:00:50]} 32. Ke4 {[%clk 00:01:30]} {[%emt 00:00:56]}
Nf6+ {[%clk 00:04:45]} {[%emt 00:01:09]} 33. Kf5 {[%clk 00:01:56]} {[%emt
00:00:04]} Kd7 {[%clk 00:04:50]} {[%emt 00:00:25]} 34. Ra7+ {[%clk 00:02:04]}
{[%emt 00:00:23]} Bc7 {[%clk 00:05:14]} {[%emt 00:00:06]} 35. Bb2 {[%clk
00:01:44]} {[%emt 00:00:50]} Ne8+ {[%clk 00:03:02]} {[%emt 00:02:42]} 36. Ke4
{[%clk 00:01:47]} {[%emt 00:00:27]} Ke6 {[%clk 00:03:09]} {[%emt 00:00:22]} 37.
Ne1 {[%clk 00:01:38]} {[%emt 00:00:40]} Nf6+ {[%clk 00:03:04]} {[%emt
00:00:35]} 38. Kd3 {[%clk 00:01:47]} {[%emt 00:00:21]} e4+ {[%clk 00:03:18]}
{[%emt 00:00:15]} 39. Kd2 {[%clk 00:01:46]} {[%emt 00:00:32]} Rf7 {[%clk
00:02:01]} {[%emt 00:01:46]} 40. Ng2 {[%clk 00:01:37]} {[%emt 00:00:40]} Rd7+
{[%clk 00:01:55]} {[%emt 00:00:35]} 0-1

[Event "Amsterdam Science Park 2023"]
[Site "Science Park, Amsterdam, Netherlands"]
[Date "2023.07.17"]
[Round "3.3"]
[White "Kanis, Sierk"]
[Black "Van Delft, Merijn"]
[Result "1-0"]
[WhiteElo "2112"]
[BlackElo "2369"]

1. d4 {[%clk 01:30:57]} {[%emt 00:00:02]} Nf6 {[%clk 01:30:51]} {[%emt
00:00:07]} 2. Nf3 {[%clk 01:31:10]} {[%emt 00:00:18]} g6 {[%clk 01:31:04]}
{[%emt 00:00:15]} 3. Nc3 {[%clk 01:31:31]} {[%emt 00:00:12]} d5 {[%clk
01:30:29]} {[%emt 00:01:03]} 4. Bf4 {[%clk 01:31:51]} {[%emt 00:00:11]} Bg7
{[%clk 01:29:34]} {[%emt 00:01:23]} 5. Nb5 {[%clk 01:32:06]} {[%emt 00:00:18]}
Na6 {[%clk 01:28:33]} {[%emt 00:01:31]} 6. e3 {[%clk 01:32:27]} {[%emt
00:00:09]} O-O {[%clk 01:27:07]} {[%emt 00:01:51]} 7. Be2 {[%clk 01:30:49]}
{[%emt 00:02:12]} Nh5 {[%clk 01:13:33]} {[%emt 00:14:02]} 8. Bg5 {[%clk
01:30:00]} {[%emt 00:01:19]} f6 {[%clk 01:07:09]} {[%emt 00:06:55]} 9. Bh4
{[%clk 01:29:16]} {[%emt 00:01:15]} g5 {[%clk 01:07:06]} {[%emt 00:00:32]} 10.
Bg3 {[%clk 01:29:29]} {[%emt 00:00:17]} Nxg3 {[%clk 01:01:00]} {[%emt
00:06:36]} 11. hxg3 {[%clk 01:29:51]} {[%emt 00:00:08]} c6 {[%clk 00:59:43]}
{[%emt 00:01:47]} 12. Nc3 {[%clk 01:30:07]} {[%emt 00:00:15]} e5 {[%clk
00:59:53]} {[%emt 00:00:19]} 13. Qd2 {[%clk 01:23:13]} {[%emt 00:07:25]} e4
{[%clk 00:51:46]} {[%emt 00:08:36]} 14. Bxa6 {[%clk 01:16:07]} {[%emt
00:07:37]} bxa6 {[%clk 00:52:09]} {[%emt 00:00:06]} 15. Ng1 {[%clk 01:16:07]}
{[%emt 00:00:30]} f5 {[%clk 00:51:31]} {[%emt 00:01:07]} 16. Nge2 {[%clk
01:13:13]} {[%emt 00:03:24]} Rf7 {[%clk 00:50:47]} {[%emt 00:01:13]} 17. Na4
{[%clk 01:10:43]} {[%emt 00:03:02]} Bf8 {[%clk 00:50:42]} {[%emt 00:00:35]} 18.
Nc1 {[%clk 01:10:19]} {[%emt 00:00:55]} Rb8 {[%clk 00:47:39]} {[%emt 00:03:31]}
19. Nb3 {[%clk 01:07:50]} {[%emt 00:03:00]} Bb4 {[%clk 00:43:06]} {[%emt
00:05:03]} 20. c3 {[%clk 01:07:31]} {[%emt 00:00:49]} Bf8 {[%clk 00:42:18]}
{[%emt 00:01:16]} 21. O-O-O {[%clk 01:07:00]} {[%emt 00:01:03]} Qc7 {[%clk
00:40:30]} {[%emt 00:02:18]} 22. Nac5 {[%clk 01:01:03]} {[%emt 00:06:28]} Qb6
{[%clk 00:39:00]} {[%emt 00:01:59]} 23. Kb1 {[%clk 00:58:20]} {[%emt 00:03:13]}
Qb5 {[%clk 00:35:39]} {[%emt 00:03:50]} 24. Rc1 {[%clk 00:57:18]} {[%emt
00:01:33]} Qc4 {[%clk 00:34:06]} {[%emt 00:02:03]} 25. Na5 {[%clk 00:56:10]}
{[%emt 00:01:39]} Qb5 {[%clk 00:34:06]} {[%emt 00:00:29]} 26. c4 {[%clk
00:55:10]} {[%emt 00:01:31]} Qb6 {[%clk 00:31:53]} {[%emt 00:02:43]} 27. Rc2
{[%clk 00:44:20]} {[%emt 00:11:20]} Bd7 {[%clk 00:25:44]} {[%emt 00:06:39]} 28.
Rhc1 {[%clk 00:39:22]} {[%emt 00:05:28]} Bxc5 {[%clk 00:23:52]} {[%emt
00:02:22]} 29. dxc5 {[%clk 00:39:23]} {[%emt 00:00:29]} Qxc5 {[%clk 00:23:58]}
{[%emt 00:00:24]} 30. cxd5 {[%clk 00:32:58]} {[%emt 00:06:55]} Qxd5 {[%clk
00:24:16]} {[%emt 00:00:12]} 31. Qc3 {[%clk 00:27:19]} {[%emt 00:06:10]} c5
{[%clk 00:19:13]} {[%emt 00:05:33]} 32. Rd2 {[%clk 00:26:34]} {[%emt 00:01:15]}
Qe6 {[%clk 00:19:41]} {[%emt 00:00:01]} 33. Rcd1 {[%clk 00:26:21]} {[%emt
00:00:43]} Bb5 {[%clk 00:19:19]} {[%emt 00:00:52]} 34. Rd6 {[%clk 00:25:43]}
{[%emt 00:01:09]} Qe8 {[%clk 00:18:08]} {[%emt 00:01:41]} 35. R1d5 {[%clk
00:24:13]} {[%emt 00:02:00]} Bd3+ {[%clk 00:16:50]} {[%emt 00:01:46]} 36. Ka1
{[%clk 00:22:10]} {[%emt 00:02:35]} Qa4 {[%clk 00:16:53]} {[%emt 00:00:27]} 37.
b3 {[%clk 00:21:03]} {[%emt 00:01:38]} Qb4 {[%clk 00:17:09]} {[%emt 00:00:13]}
38. Qxb4 {[%clk 00:18:06]} {[%emt 00:03:28]} cxb4 {[%clk 00:16:29]} {[%emt
00:01:08]} 39. Nc6 {[%clk 00:16:59]} {[%emt 00:01:38]} Rb5 {[%clk 00:07:40]}
{[%emt 00:09:19]} 40. Kb2 {[%clk 00:08:39]} {[%emt 00:08:51]} Bf1 {[%clk
00:03:04]} {[%emt 00:05:06]} 41. Nd4 {[%clk 00:27:28]} {[%emt 00:11:41]} Rxd5
{[%clk 00:30:17]} {[%emt 00:03:15]} 42. Rxd5 {[%clk 00:27:52]} {[%emt
00:00:09]} Bxg2 {[%clk 00:30:27]} {[%emt 00:00:19]} 43. Nxf5 {[%clk 00:20:47]}
{[%emt 00:07:36]} Rf6 {[%clk 00:29:44]} {[%emt 00:01:13]} 44. a3 {[%clk
00:16:33]} {[%emt 00:04:45]} Bh3 {[%clk 00:27:03]} {[%emt 00:03:09]} 45. Rd8+
{[%clk 00:15:38]} {[%emt 00:01:25]} Rf8 {[%clk 00:23:17]} {[%emt 00:04:16]} 46.
Rxf8+ {[%clk 00:15:46]} {[%emt 00:00:23]} Kxf8 {[%clk 00:23:44]} {[%emt
00:00:02]} 47. Nd6 {[%clk 00:16:01]} {[%emt 00:00:15]} bxa3+ {[%clk 00:23:00]}
{[%emt 00:01:14]} 48. Kxa3 {[%clk 00:16:26]} {[%emt 00:00:06]} Bg2 {[%clk
00:23:05]} {[%emt 00:00:21]} 49. Kb4 {[%clk 00:13:16]} {[%emt 00:03:44]} h5
{[%clk 00:18:50]} {[%emt 00:04:44]} 50. Ka5 {[%clk 00:11:54]} {[%emt 00:01:52]}
h4 {[%clk 00:17:02]} {[%emt 00:02:19]} 51. gxh4 {[%clk 00:12:17]} {[%emt
00:00:08]} gxh4 {[%clk 00:17:22]} {[%emt 00:00:10]} 52. Nf5 {[%clk 00:12:18]}
{[%emt 00:00:28]} h3 {[%clk 00:17:39]} {[%emt 00:00:12]} 53. Kxa6 {[%clk
00:12:40]} {[%emt 00:00:10]} h2 {[%clk 00:17:15]} {[%emt 00:00:54]} 54. Ng3
{[%clk 00:13:08]} {[%emt 00:00:02]} h1=Q {[%clk 00:13:05]} {[%emt 00:04:40]} 55.
Nxh1 {[%clk 00:13:35]} {[%emt 00:00:03]} Bxh1 {[%clk 00:13:26]} {[%emt
00:00:08]} 56. Kxa7 {[%clk 00:13:58]} {[%emt 00:00:07]} Bf3 {[%clk 00:13:37]}
{[%emt 00:00:18]} 57. b4 {[%clk 00:13:42]} {[%emt 00:00:47]} Be2 {[%clk
00:13:45]} {[%emt 00:00:22]} 58. Kb6 {[%clk 00:13:56]} {[%emt 00:00:16]} Ke7
{[%clk 00:13:53]} {[%emt 00:00:22]} 59. Kc6 {[%clk 00:13:00]} {[%emt 00:01:27]}
Ke6 {[%clk 00:13:45]} {[%emt 00:00:37]} 60. b5 {[%clk 00:12:57]} {[%emt
00:00:33]} Kf5 {[%clk 00:13:18]} {[%emt 00:00:57]} 61. b6 {[%clk 00:12:51]}
{[%emt 00:00:37]} Ba6 {[%clk 00:13:02]} {[%emt 00:00:46]} 62. b7 {[%clk
00:12:58]} {[%emt 00:00:22]} Bxb7+ {[%clk 00:13:26]} {[%emt 00:00:06]} 63. Kxb7
{[%clk 00:13:27]} {[%emt 00:00:02]} Kg4 {[%clk 00:13:39]} {[%emt 00:00:17]} 64.
Kc6 {[%clk 00:13:49]} {[%emt 00:00:08]} Kf3 {[%clk 00:14:03]} {[%emt 00:00:06]}
65. Kd5 {[%clk 00:14:05]} {[%emt 00:00:13]} Kxf2 {[%clk 00:14:28]} {[%emt
00:00:05]} 66. Kxe4 {[%clk 00:14:30]} {[%emt 00:00:05]} 1-0

[Event "Amsterdam Science Park 2023"]
[Site "Science Park, Amsterdam, Netherlands"]
[Date "2023.07.17"]
[Round "3.4"]
[White "Beeke, Bob"]
[Black "Van Zutphen, Jimmy"]
[Result "1-0"]
[WhiteElo "2216"]
[BlackElo "2067"]

1. Nf3 {[%clk 01:30:55]} {[%emt 00:00:04]} f5 {[%clk 01:30:15]} {[%emt
00:00:45]} 2. d3 {[%clk 01:30:14]} {[%emt 00:01:12]} Nc6 {[%clk 01:27:34]}
{[%emt 00:03:12]} 3. d4 {[%clk 01:30:15]} {[%emt 00:00:28]} d5 {[%clk
01:23:05]} {[%emt 00:04:58]} 4. c4 {[%clk 01:30:36]} {[%emt 00:00:09]} e6
{[%clk 01:20:30]} {[%emt 00:03:05]} 5. Nc3 {[%clk 01:30:38]} {[%emt 00:00:27]}
Nf6 {[%clk 01:17:48]} {[%emt 00:03:13]} 6. Bg5 {[%clk 01:27:41]} {[%emt
00:03:28]} Bb4 {[%clk 01:03:56]} {[%emt 00:14:22]} 7. e3 {[%clk 01:21:46]}
{[%emt 00:06:25]} O-O {[%clk 01:01:48]} {[%emt 00:02:37]} 8. Bd3 {[%clk
01:18:35]} {[%emt 00:03:42]} Ne7 {[%clk 00:59:19]} {[%emt 00:02:59]} 9. O-O
{[%clk 01:15:06]} {[%emt 00:03:57]} c6 {[%clk 00:54:53]} {[%emt 00:04:58]} 10.
a3 {[%clk 01:08:58]} {[%emt 00:06:38]} Bd6 {[%clk 00:53:23]} {[%emt 00:01:59]}
11. Bxf6 {[%clk 00:59:45]} {[%emt 00:09:44]} gxf6 {[%clk 00:47:08]} {[%emt
00:06:45]} 12. Nd2 {[%clk 00:58:57]} {[%emt 00:01:18]} e5 {[%clk 00:41:33]}
{[%emt 00:06:05]} 13. cxd5 {[%clk 00:53:04]} {[%emt 00:06:23]} cxd5 {[%clk
00:39:35]} {[%emt 00:02:27]} 14. Qb3 {[%clk 00:52:28]} {[%emt 00:01:05]} Kh8
{[%clk 00:31:39]} {[%emt 00:08:26]} 15. Be2 {[%clk 00:40:13]} {[%emt 00:12:46]}
Rg8 {[%clk 00:27:30]} {[%emt 00:04:39]} 16. Rfd1 {[%clk 00:32:31]} {[%emt
00:08:12]} Qf8 {[%clk 00:23:44]} {[%emt 00:04:16]} 17. dxe5 {[%clk 00:26:55]}
{[%emt 00:06:06]} fxe5 {[%clk 00:21:54]} {[%emt 00:02:20]} 18. Nxd5 {[%clk
00:21:40]} {[%emt 00:05:45]} Be6 {[%clk 00:20:16]} {[%emt 00:02:08]} 19. Bc4
{[%clk 00:16:02]} {[%emt 00:06:07]} Nxd5 {[%clk 00:13:38]} {[%emt 00:07:09]} 20.
Bxd5 {[%clk 00:16:19]} {[%emt 00:00:13]} Rxg2+ {[%clk 00:12:27]} {[%emt
00:01:41]} 21. Kf1 {[%clk 00:13:26]} {[%emt 00:03:22]} Bxd5 {[%clk 00:08:33]}
{[%emt 00:04:24]} 22. Qxd5 {[%clk 00:13:48]} {[%emt 00:00:08]} Rxh2 {[%clk
00:08:44]} {[%emt 00:00:20]} 23. Nc4 {[%clk 00:13:18]} {[%emt 00:01:00]} Bc7
{[%clk 00:07:38]} {[%emt 00:01:35]} 24. Nxe5 {[%clk 00:13:07]} {[%emt
00:00:40]} Qf6 {[%clk 00:06:13]} {[%emt 00:01:55]} 25. Qxb7 {[%clk 00:10:32]}
{[%emt 00:03:05]} Re8 {[%clk 00:03:23]} {[%emt 00:03:20]} 26. Qxc7 {[%clk
00:09:59]} {[%emt 00:01:03]} Qh4 {[%clk 00:01:46]} {[%emt 00:02:07]} 27. Nf7+
{[%clk 00:02:37]} {[%emt 00:07:53]} Kg8 {[%clk 00:01:04]} {[%emt 00:01:12]} 28.
Qf4 {[%clk 00:02:53]} {[%emt 00:00:14]} Qh3+ {[%clk 00:00:36]} {[%emt
00:00:58]} 29. Ke2 {[%clk 00:02:47]} {[%emt 00:00:36]} Qh5+ {[%clk 00:00:34]}
{[%emt 00:00:32]} 30. Qf3 {[%clk 00:02:48]} {[%emt 00:00:29]} Kxf7 {[%clk
00:00:32]} {[%emt 00:00:32]} 31. Rd7+ {[%clk 00:01:55]} {[%emt 00:01:22]} Ke6
{[%clk 00:00:41]} {[%emt 00:00:20]} 32. Qxh5 {[%clk 00:01:11]} {[%emt
00:01:15]} Rxh5 {[%clk 00:01:08]} {[%emt 00:00:02]} 33. Rxa7 {[%clk 00:01:28]}
{[%emt 00:00:13]} f4 {[%clk 00:01:02]} {[%emt 00:00:36]} 34. exf4 {[%clk
00:01:17]} {[%emt 00:00:41]} Kf5+ {[%clk 00:00:43]} {[%emt 00:00:49]} 35. Kf3
{[%clk 00:01:38]} {[%emt 00:00:09]} Rh3+ {[%clk 00:00:56]} {[%emt 00:00:17]} 36.
Kg2 {[%clk 00:01:59]} {[%emt 00:00:09]} Rb3 {[%clk 00:00:54]} {[%emt 00:00:32]}
37. Rxh7 {[%clk 00:01:10]} {[%emt 00:01:20]} Rxb2 {[%clk 00:00:34]} {[%emt
00:00:49]} 38. Rh5+ {[%clk 00:00:42]} {[%emt 00:00:57]} Kxf4 {[%clk 00:00:35]}
{[%emt 00:00:30]} 39. Rh7 {[%clk 00:00:52]} {[%emt 00:00:20]} Rg8+ {[%clk
00:00:43]} {[%emt 00:00:22]} 40. Kf1 {[%clk 00:01:14]} {[%emt 00:00:09]} Rc8
{[%clk 00:00:31]} {[%emt 00:00:41]} 41. a4 {[%clk 00:01:25]} {[%emt 00:00:19]}
Rcc2 {[%clk 00:29:35]} {[%emt 00:01:26]} 42. Rf7+ {[%clk 00:31:49]} {[%emt
00:00:06]} Ke5 {[%clk 00:28:40]} {[%emt 00:01:25]} 43. a5 {[%clk 00:30:25]}
{[%emt 00:01:54]} Ke6 {[%clk 00:27:27]} {[%emt 00:01:43]} 44. Rf8 {[%clk
00:29:28]} {[%emt 00:01:26]} Ke7 {[%clk 00:27:26]} {[%emt 00:00:31]} 45. Rf3
{[%clk 00:29:52]} {[%emt 00:00:06]} Ra2 {[%clk 00:22:29]} {[%emt 00:05:28]} 46.
Rxa2 {[%clk 00:30:14]} {[%emt 00:00:08]} Rxa2 {[%clk 00:22:57]} {[%emt
00:00:03]} 47. Rf5 {[%clk 00:30:26]} {[%emt 00:00:17]} Ke6 {[%clk 00:23:13]}
{[%emt 00:00:15]} 48. Rb5 {[%clk 00:30:40]} {[%emt 00:00:17]} Kf6 {[%clk
00:23:08]} {[%emt 00:00:35]} 49. Rb6+ {[%clk 00:30:24]} {[%emt 00:00:46]} Kf5
{[%clk 00:23:27]} {[%emt 00:00:11]} 50. Ra6 {[%clk 00:30:33]} {[%emt 00:00:21]}
Ke5 {[%clk 00:20:29]} {[%emt 00:03:27]} 51. Ra8 {[%clk 00:30:50]} {[%emt
00:00:13]} Kf6 {[%clk 00:19:47]} {[%emt 00:01:13]} 52. a6 {[%clk 00:31:03]}
{[%emt 00:00:18]} Kg6 {[%clk 00:19:38]} {[%emt 00:00:39]} 53. Kg2 {[%clk
00:30:57]} {[%emt 00:00:35]} Kf6 {[%clk 00:19:54]} {[%emt 00:00:14]} 54. Kg3
{[%clk 00:30:51]} {[%emt 00:00:36]} Kg6 {[%clk 00:20:02]} {[%emt 00:00:22]} 55.
f3 {[%clk 00:31:00]} {[%emt 00:00:22]} Kf6 {[%clk 00:20:12]} {[%emt 00:00:19]}
56. a7 {[%clk 00:31:08]} {[%emt 00:00:22]} Kg7 {[%clk 00:20:32]} {[%emt
00:00:09]} 57. f4 {[%clk 00:31:31]} {[%emt 00:00:06]} Ra4 {[%clk 00:18:02]}
{[%emt 00:03:00]} 58. Kg4 {[%clk 00:31:17]} {[%emt 00:00:45]} Ra5 {[%clk
00:15:18]} {[%emt 00:03:14]} 59. f5 {[%clk 00:30:03]} {[%emt 00:01:44]} Ra6
{[%clk 00:13:16]} {[%emt 00:02:33]} 60. f6+ {[%clk 00:29:46]} {[%emt 00:00:46]}
Kf7 {[%clk 00:10:57]} {[%emt 00:02:49]} 61. Rh8 {[%clk 00:30:05]} {[%emt
00:00:12]} Ra4+ {[%clk 00:09:06]} {[%emt 00:02:21]} 62. Kf3 {[%clk 00:30:18]}
{[%emt 00:00:16]} 1-0

[Event "Amsterdam Science Park 2023"]
[Site "Science Park, Amsterdam, Netherlands"]
[Date "2023.07.17"]
[Round "3.5"]
[White "Hopman, Pieter"]
[Black "Merbis, Max"]
[Result "1-0"]
[WhiteElo "2323"]
[BlackElo "2057"]

1. e4 {[%clk 01:24:44]} {[%emt 00:06:15]} e5 {[%clk 01:30:48]} {[%emt
00:00:12]} 2. Nf3 {[%clk 01:25:06]} {[%emt 00:00:08]} Nc6 {[%clk 01:31:12]}
{[%emt 00:00:06]} 3. Nc3 {[%clk 01:25:10]} {[%emt 00:00:26]} Nf6 {[%clk
01:31:25]} {[%emt 00:00:16]} 4. d4 {[%clk 01:25:26]} {[%emt 00:00:14]} exd4
{[%clk 01:30:26]} {[%emt 00:01:29]} 5. Nxd4 {[%clk 01:25:50]} {[%emt 00:00:06]}
Bb4 {[%clk 01:30:17]} {[%emt 00:00:39]} 6. Nxc6 {[%clk 01:26:11]} {[%emt
00:00:09]} bxc6 {[%clk 01:30:39]} {[%emt 00:00:09]} 7. Bd3 {[%clk 01:26:36]}
{[%emt 00:00:05]} d5 {[%clk 01:30:57]} {[%emt 00:00:12]} 8. exd5 {[%clk
01:26:44]} {[%emt 00:00:22]} cxd5 {[%clk 01:31:22]} {[%emt 00:00:05]} 9. O-O
{[%clk 01:27:06]} {[%emt 00:00:08]} O-O {[%clk 01:31:43]} {[%emt 00:00:10]} 10.
h3 {[%clk 01:27:28]} {[%emt 00:00:07]} Re8 {[%clk 01:28:06]} {[%emt 00:04:07]}
11. Qf3 {[%clk 01:27:17]} {[%emt 00:00:40]} c6 {[%clk 01:27:55]} {[%emt
00:00:42]} 12. Bf4 {[%clk 01:26:49]} {[%emt 00:00:57]} Bd6 {[%clk 01:25:19]}
{[%emt 00:03:07]} 13. Ne2 {[%clk 01:21:51]} {[%emt 00:05:27]} Qc7 {[%clk
01:20:20]} {[%emt 00:05:30]} 14. Rfd1 {[%clk 01:18:26]} {[%emt 00:03:55]} Be6
{[%clk 01:10:10]} {[%emt 00:10:39]} 15. c4 {[%clk 01:16:33]} {[%emt 00:02:23]}
Rab8 {[%clk 00:57:30]} {[%emt 00:13:10]} 16. b3 {[%clk 01:16:47]} {[%emt
00:00:15]} c5 {[%clk 00:55:59]} {[%emt 00:02:02]} 17. cxd5 {[%clk 01:11:09]}
{[%emt 00:06:09]} Bxd5 {[%clk 00:56:01]} {[%emt 00:00:27]} 18. Bxd6 {[%clk
01:04:33]} {[%emt 00:07:07]} Qxd6 {[%clk 00:56:29]} {[%emt 00:00:02]} 19. Qf4
{[%clk 01:04:03]} {[%emt 00:01:00]} Qe7 {[%clk 00:51:23]} {[%emt 00:05:37]} 20.
Nc3 {[%clk 00:58:55]} {[%emt 00:05:38]} Bc6 {[%clk 00:50:44]} {[%emt 00:01:08]}
21. Bc4 {[%clk 00:56:13]} {[%emt 00:03:12]} Rbd8 {[%clk 00:45:19]} {[%emt
00:05:56]} 22. Bb5 {[%clk 00:54:09]} {[%emt 00:02:34]} Bxb5 {[%clk 00:34:51]}
{[%emt 00:10:58]} 23. Nxb5 {[%clk 00:53:47]} {[%emt 00:00:52]} Nd5 {[%clk
00:34:50]} {[%emt 00:00:30]} 24. Qc4 {[%clk 00:50:49]} {[%emt 00:03:27]} Nb6
{[%clk 00:34:29]} {[%emt 00:00:52]} 25. Qc3 {[%clk 00:48:32]} {[%emt 00:02:46]}
Rxd1+ {[%clk 00:31:50]} {[%emt 00:03:10]} 26. Rxd1 {[%clk 00:48:55]} {[%emt
00:00:06]} Qe2 {[%clk 00:31:51]} {[%emt 00:00:29]} 27. Qd3 {[%clk 00:47:26]}
{[%emt 00:01:59]} Qxa2 {[%clk 00:31:13]} {[%emt 00:01:08]} 28. Nd6 {[%clk
00:38:33]} {[%emt 00:09:23]} Rf8 {[%clk 00:30:28]} {[%emt 00:01:15]} 29. Nf5
{[%clk 00:38:16]} {[%emt 00:00:47]} g6 {[%clk 00:26:02]} {[%emt 00:04:57]} 30.
Ne7+ {[%clk 00:35:38]} {[%emt 00:03:09]} Kg7 {[%clk 00:25:15]} {[%emt
00:01:17]} 31. Qc3+ {[%clk 00:33:32]} {[%emt 00:02:36]} f6 {[%clk 00:23:33]}
{[%emt 00:02:13]} 32. Ra1 {[%clk 00:31:21]} {[%emt 00:02:41]} Qe2 {[%clk
00:23:36]} {[%emt 00:00:27]} 33. Qxc5 {[%clk 00:30:18]} {[%emt 00:01:33]} Rf7
{[%clk 00:22:40]} {[%emt 00:01:25]} 34. Nc6 {[%clk 00:25:54]} {[%emt 00:04:54]}
Rc7 {[%clk 00:20:15]} {[%emt 00:02:56]} 35. Nd4 {[%clk 00:17:40]} {[%emt
00:08:44]} Rxc5 {[%clk 00:18:54]} {[%emt 00:01:51]} 36. Rxa7+ {[%clk 00:18:01]}
{[%emt 00:00:09]} Kh6 {[%clk 00:18:53]} {[%emt 00:00:30]} 37. Nxe2 {[%clk
00:18:27]} {[%emt 00:00:04]} Rc2 {[%clk 00:17:52]} {[%emt 00:01:31]} 38. Nf4
{[%clk 00:17:43]} {[%emt 00:01:14]} Rc1+ {[%clk 00:10:47]} {[%emt 00:07:36]} 39.
Kh2 {[%clk 00:18:08]} {[%emt 00:00:04]} Rc2 {[%clk 00:11:07]} {[%emt 00:00:10]}
40. f3 {[%clk 00:17:09]} {[%emt 00:01:29]} Nc8 {[%clk 00:05:51]} {[%emt
00:05:47]} 41. Rd7 {[%clk 00:16:56]} {[%emt 00:00:43]} Rc3 {[%clk 00:05:32]}
{[%emt 00:00:48]} 42. Nd5 {[%clk 00:16:58]} {[%emt 00:00:28]} Rc6 {[%clk
00:05:08]} {[%emt 00:00:54]} 43. Rf7 {[%clk 00:16:11]} {[%emt 00:01:17]} f5
{[%clk 00:03:48]} {[%emt 00:01:50]} 44. h4 {[%clk 00:15:01]} {[%emt 00:01:40]}
Re6 {[%clk 00:01:00]} {[%emt 00:03:18]} 45. Nf6 {[%clk 00:15:15]} {[%emt
00:00:17]} 1-0